000 00742cam a2200157 4500500
005 20260329082248.0
041 _afre
042 _adc
100 1 0 _aBraunstein, Jean-François
_eauthor
700 1 0 _aPewzner, Évelyne
_eauthor
700 1 0 _aPewzner-Apeloig, Évelyne
_eauthor
245 0 0 _aHistoire de la psychologie
260 _bArmand Colin,
_c2010.
520 _aHistoire de la psychologie, des origines aux découvertes les plus récentes, en passant par les différents courants et traditions nationales. Nouvelle édition enrichie notamment des nouveaux apports en psychanalyse et en sciences cognitives.
856 4 1 _uhttps://shs.cairn.info/histoire-de-la-psychologie--9782200249427?lang=fr&redirect-ssocas=7080
999 _c2027668
_d2027668